<?xml version="1.0" encoding="UTF-8"?>
<record
    xmlns:xsi="http://www.w3.org/2001/XMLSchema-instance"
    xsi:schemaLocation="http://www.loc.gov/MARC21/slim http://www.loc.gov/standards/marcxml/schema/MARC21slim.xsd"
    xmlns="http://www.loc.gov/MARC21/slim">

  <leader>01261nam a22002657a 4500</leader>
  <controlfield tag="005">20170124103221.0</controlfield>
  <datafield tag="010" ind1=" " ind2=" ">
    <subfield code="a">A-974049</subfield>
  </datafield>
  <datafield tag="020" ind1=" " ind2=" ">
    <subfield code="c">800.00</subfield>
  </datafield>
  <datafield tag="035" ind1=" " ind2=" ">
    <subfield code="a">A-974049</subfield>
  </datafield>
  <datafield tag="037" ind1=" " ind2=" ">
    <subfield code="b">Cen Lib/Ret</subfield>
  </datafield>
  <datafield tag="040" ind1=" " ind2=" ">
    <subfield code="a">DPL</subfield>
    <subfield code="b">HN</subfield>
  </datafield>
  <datafield tag="082" ind1=" " ind2=" ">
    <subfield code="a">954.42</subfield>
    <subfield code="b">&#x92D;&#x93E;&#x91F;&#x940;&#x939; </subfield>
  </datafield>
  <datafield tag="100" ind1=" " ind2=" ">
    <subfield code="a">&#x92D;&#x93E;&#x91F;&#x940;, &#x939;&#x930;&#x93F; &#x938;&#x93F;&#x902;&#x939; </subfield>
    <subfield code="9">4584</subfield>
  </datafield>
  <datafield tag="245" ind1=" " ind2=" ">
    <subfield code="a">&#x917;&#x91C;&#x93C;&#x928;&#x940; &#x938;&#x947; &#x91C;&#x948;&#x938;&#x932;&#x92E;&#x947;&#x930; :</subfield>
    <subfield code="c">&#x939;&#x930;&#x93F; &#x938;&#x93F;&#x902;&#x939; &#x92D;&#x93E;&#x91F;&#x940;</subfield>
    <subfield code="b">&#x92D;&#x93E;&#x91F;&#x93F;&#x92F;&#x94B;&#x902; &#x915;&#x93E; &#x92A;&#x942;&#x930;&#x94D;&#x935;-&#x92E;&#x927;&#x94D;&#x92F;&#x915;&#x93E;&#x932;&#x940;&#x928; &#x907;&#x924;&#x93F;&#x939;&#x93E;&#x938; /</subfield>
  </datafield>
  <datafield tag="246" ind1=" " ind2=" ">
    <subfield code="a">Ghazni se jaisalmer : Bhatiyon ka purv-madhyakaleen itihas /</subfield>
    <subfield code="b">by Hari Singh Bhati</subfield>
  </datafield>
  <datafield tag="260" ind1=" " ind2=" ">
    <subfield code="a">&#x92C;&#x940;&#x915;&#x93E;&#x928;&#x947;&#x930; </subfield>
    <subfield code="b">&#x939;&#x930;&#x93F; &#x938;&#x93F;&#x902;&#x939; &#x92D;&#x93E;&#x91F;&#x940;</subfield>
    <subfield code="c">1998</subfield>
  </datafield>
  <datafield tag="270" ind1=" " ind2=" ">
    <subfield code="a">&#x939;&#x928;&#x941;&#x92E;&#x93E;&#x928;&#x91C;&#x940; &#x92E;&#x902;&#x926;&#x93F;&#x930; &#x915;&#x947; &#x92A;&#x93E;&#x938; &#x92A;&#x941;&#x930;&#x93E;&#x928;&#x93E; &#x917;&#x93F;&#x928;&#x94D;&#x928;&#x93E;&#x928;&#x940; </subfield>
    <subfield code="b">&#x92C;&#x940;&#x915;&#x93E;&#x928;&#x947;&#x930; </subfield>
    <subfield code="e">334001</subfield>
  </datafield>
  <datafield tag="300" ind1=" " ind2=" ">
    <subfield code="a">608&#x92A;&#x943;. </subfield>
    <subfield code="c">25&#x938;&#x947;&#x92E;&#x940;(&#x938;&#x91C;&#x93F;&#x932;&#x94D;&#x926;)</subfield>
  </datafield>
  <datafield tag="500" ind1=" " ind2=" ">
    <subfield code="a">&#x905;&#x928;&#x941;&#x915;&#x94D;&#x930;&#x92E;&#x923;&#x93F;&#x915;&#x93E;  &#x936;&#x93E;&#x92E;&#x93F;&#x932;   </subfield>
  </datafield>
  <datafield tag="650" ind1=" " ind2=" ">
    <subfield code="a">&#x907;&#x924;&#x93F;&#x939;&#x93E;&#x938; </subfield>
    <subfield code="9">114098</subfield>
  </datafield>
  <datafield tag="650" ind1=" " ind2=" ">
    <subfield code="a">&#x907;&#x924;&#x93F;&#x939;&#x93E;&#x938;--&#x917;&#x91C;&#x93C;&#x928;&#x940; &#x938;&#x947; &#x91C;&#x948;&#x938;&#x932;&#x92E;&#x947;&#x930; </subfield>
    <subfield code="9">49642</subfield>
  </datafield>
  <datafield tag="650" ind1=" " ind2=" ">
    <subfield code="a">History</subfield>
    <subfield code="9">114099</subfield>
  </datafield>
  <datafield tag="650" ind1=" " ind2=" ">
    <subfield code="a">History--Ghazni to Jaisalmer</subfield>
    <subfield code="9">101518</subfield>
  </datafield>
  <datafield tag="942" ind1=" " ind2=" ">
    <subfield code="2">ddc</subfield>
    <subfield code="c">HN</subfield>
    <subfield code="h">954.42</subfield>
    <subfield code="m">&#x92D;&#x93E;&#x91F;&#x940;&#x939; </subfield>
  </datafield>
  <datafield tag="999" ind1=" " ind2=" ">
    <subfield code="c">121877</subfield>
    <subfield code="d">121877</subfield>
  </datafield>
  <datafield tag="952" ind1=" " ind2=" ">
    <subfield code="0">0</subfield>
    <subfield code="1">0</subfield>
    <subfield code="4">0</subfield>
    <subfield code="7">0</subfield>
    <subfield code="a">L</subfield>
    <subfield code="b">L</subfield>
    <subfield code="d">2015-10-13</subfield>
    <subfield code="e">Cen Lib/Ret</subfield>
    <subfield code="g">800.00</subfield>
    <subfield code="l">0</subfield>
    <subfield code="o">954.42 &#x92D;&#x93E;&#x91F;&#x940;&#x939;</subfield>
    <subfield code="p">A-974049</subfield>
    <subfield code="r">2015-10-13 00:00:00</subfield>
    <subfield code="t">1</subfield>
    <subfield code="v">800.00</subfield>
    <subfield code="w">2015-10-13</subfield>
    <subfield code="y">HN</subfield>
  </datafield>
</record>
